000 00524nam a2200193Ia 4500
003 GCL
008 140319s9999 xx 000 0 ara d
040 _aGCL /
_cGCL
082 0 4 _a796.34
_bر ت
100 1 _aريتش، سو
245 1 0 _aالتنس /
_cريتش، سو
700 1 _aعادل شريف
300 _a43 ص
490 _aسلسلة الالعاب الرياضية
_v0
650 0 4 _aالرياضة البدنية
650 0 4 _aالالعاب الرياضية
650 0 4 _aالتنس
942 _2ddc
_cBK
999 _c50882
_d50882